000
00289nam a22001337a 4500
008
180904b xxu||||| |||| 00| 0 eng d
020
_a
0137373201
041
_a
eng
080
_a
341
100
_a
15
101
_a
SHP
245
_a
Public Administration
_c
Fesler, J.W
942
_2
udc
_c
BK
999
_c
47519
_d
47519